|
|
|
|
| LEADER |
00000naa2a2200000 4500 |
| 001 |
618130 |
| 005 |
20231101133008.0 |
| 035 |
|
|
|a (RuTPU)RU\TPU\conf\16511
|
| 035 |
|
|
|a RU\TPU\conf\4944
|
| 090 |
|
|
|a 618130
|
| 100 |
|
|
|a 20160523d2013 k y0rusy50 ca
|
| 101 |
0 |
|
|a rus
|
| 102 |
|
|
|a RU
|
| 105 |
|
|
|a y z 101zy
|
| 135 |
|
|
|a drcn ---uucaa
|
| 181 |
|
0 |
|a i
|
| 182 |
|
0 |
|a b
|
| 200 |
1 |
|
|a Языковые средства выражения слухового восприятия в рассказе А. П. Чехова "Спать хочется"
|f Ван Сяохуань
|g науч. рук. Л. Б. Крюкова
|
| 203 |
|
|
|a Текст
|c электронный
|
| 225 |
1 |
|
|a Текст в пространстве культуры
|
| 230 |
|
|
|a 1 компьютерный файл (pdf; 151 Kb)
|
| 300 |
|
|
|a Заглавие с титульного экрана
|
| 320 |
|
|
|a [Библиогр.: с. 176 (4 назв.)]
|
| 337 |
|
|
|a Adobe Reader
|
| 461 |
|
1 |
|0 (RuTPU)RU\TPU\conf\4568
|t Коммуникативные аспекты языка и культуры
|o сборник материалов XIII Международной научно-практической конференции студентов и молодых ученых, г. Томск, 28-30 мая 2013 г.
|o в 3 ч.
|f Национальный исследовательский Томский политехнический университет (ТПУ), Институт международного образования и языковой коммуникации (ИМОЯК) ; под ред. С. А. Песоцкой
|d 2013
|
| 463 |
|
0 |
|0 (RuTPU)RU\TPU\conf\4570
|t Ч. 1
|v [С. 174-176]
|d 2013
|
| 600 |
|
1 |
|a Чехов
|g Антон Павлович
|b А. П.
|c русский писатель
|f 1860-1904
|2 stltpush
|3 (RuTPU)RU\TPU\pers\1035
|
| 610 |
1 |
|
|a электронный ресурс
|
| 610 |
1 |
|
|a языковые средства
|
| 610 |
1 |
|
|a средства выражения
|
| 610 |
1 |
|
|a слуховое восприятие
|
| 610 |
1 |
|
|a рассказы
|
| 610 |
1 |
|
|a русский язык
|
| 700 |
|
0 |
|a Ван Сяохуань
|
| 702 |
|
1 |
|a Крюкова
|b Л. Б.
|4 727
|
| 801 |
|
2 |
|a RU
|b 63413507
|c 20160523
|g RCR
|
| 856 |
4 |
|
|u http://www.lib.tpu.ru/fulltext/c/2013/C77/V1/043.pdf
|
| 942 |
|
|
|c BK
|